01246nam a2200253 a 450000100080000000500110000800800410001902000220006010000150008224500610009726000460015830000110020452006100021565300090082565300240083465300240085865300150088265300160089765300130091365300140092665300190094070000140095970000190097315121072024-09-02 2008 bl uuuu 00u1 u #d a978-85-247-0428-41 aSCHAAN, D. aArquelogia da Amazônia Ocidentalbos geoglifos do Acre. aBelém, PA: Ed. Universitária UFPAc2008 a192 p. aArqueologia do Acre: do Pronapaba às pesquisas sobre os geoglifos; As estruturas de terra na arqueologia do Acre; Registro de geoglifos na Região amazônica - Brasil; antigas construções geométricas de terra na região de rio Branco, Acre, Brasil; Os geoglifos e a atuação da eletronorte no Acre; Observações sobre as possíveis relações entre os sítios arqueológicos do Acre e um povo Aruak contemporâneo; Sítios arqueológicos no Estado do Acre; Mapa de localização dos sítios tipo geoglifo; Sobre os autores; Anexo: recomendação do Ministério Público; documentação fotográfica. aAcre aAmazonia Occidental aAmazônia Ocidental aArcheology aArqueologia aGeoglifo aGeoglyphs aWestern Amazon1 aRANZI, A.1 aPÄRSSINEN, M.